| Поле | Название | Значение |
| |
Тип записи |
a |
| |
Библиографический уровень |
m |
| 001 |
Контрольный номер |
admiBOOK00019658 |
| 005 |
Дата корректировки |
20140508173759.6 |
| 010 |
Индекс ISBN |
__ |
| a |
ISBN |
978-5-406-01326-7 |
| d |
Цена |
195,30 |
| 100 |
Данные общей обработки |
__ |
| a |
Данные общей обработки |
19020205 |||y0 y0189 ca |
| 101 |
Язык документа |
__ |
| a |
Язык текста |
rus |
| 105 |
Кодированные данные (монография) |
__ |
| a |
Кодированные данные (монография) |
zy |
| 200 |
Заглавие и сведения об ответственности |
0_ |
| a |
Заглавие |
Малый бизнес |
| e |
Сведения, относящиеся к заглавию |
Учебное пособие |
| f |
Первые сведения об ответственности |
кол. авт.; под ред. В.Я.Горфинкеля |
| 205 |
Сведения об издании |
__ |
| a |
Основные сведения об издании |
2-е изд., стер. |
| b |
Дополнительные сведения об издании |
Рек. УМО |
| 210 |
Выходные данные |
__ |
| a |
Место издания |
М |
| c |
Издательство |
КНОРУС |
| d |
Дата издания |
2011 |
| 215 |
Физическое описание |
__ |
| a |
Объем |
336с. |
| 606 |
Тематические рубрики |
__ |
| a |
Основная рубрика |
Предпринимательство |
| x |
Основная подрубрика |
Малый бизнес |
| 610 |
Ключевые слова |
__ |
| a |
Ключевые слова |
Предпринимательство |
| a |
Ключевые слова |
Предприниматель |
| a |
Ключевые слова |
Организационные основы бизнеса |
| a |
Ключевые слова |
Малый бизнес |
| a |
Ключевые слова |
Финансовая политика предприятия |
| a |
Ключевые слова |
Предпринимательская деятельность |
| 675 |
Индекс УДК |
__ |
| a |
Индекс УДК |
338.22(075.8) |
| 686 |
Индексы других классификаций |
__ |
| a |
Классификационный индекс |
65.012.1 |
| 852 |
Данные о местонахождении |
__ |
| c |
Местонахождение стеллажа |
65.012.1 |
| j |
Шифр хранения |
65.012.1 |
| 852 |
Данные о местонахождении |
__ |
| b |
Сигла хранения |
ЧЗ_1 |
| t |
Номер экземпляра |
2 |
| i |
Авторский знак |
М20 |
| p |
Инвентарный номер |
147865 |
| p |
Инвентарный номер |
147866 |
| 901 |
Тип документа |
__ |
| t |
Тип документа |
m |
| 911 |
|
__ |
| u |
|
952a=Учебная |
| u |
|
952p=2219 |
| 938 |
Служебная информация |
__ |
| a |
Название организации |
Саранский филиал |
| b |
Имя БД |
OUTPUT.MRC_Саранск |
| c |
Название АИБС |
АИБС Библиотека |